00671nam a2200181 i 4500001000700000003000900007005001700016007000300033008004100036100003900077245010200116260004800218300002100266700003900287852002200326999001900348952012200367112255ES-MaACL20230906185502.0t|061121s1968 sp r ||||1| spa d1 aOrtega Costa, Antonio de P.98744813aLa embajada extraordinaria de Cabarrus / cAntonio de P. Ortega Costa, Ana María García Osma. aMadrid : b[s.n.], c1968 (fImp. Ferreira) a64 p. ; c17 cm.1 aGarcía Osma, Ana María.955066 aES-MaACLjC-35344 c112255d112255 00104070aATENEOMbATENEOMcDEPO2d2008-01-17eSCl0oC-35344p1117097r2023-02-23 00:00:00w2023-02-23yMONOGRAFIA